The Cambridge history of India. (Record no. 7820)
[ view plain ]
| 000 -LEADER | |
|---|---|
| fixed length control field | 00749nam a2200229 a 4500 |
| 001 - CONTROL NUMBER | |
| JCCL Control Number | 7820 |
| 003 - CONTROL NUMBER IDENTIFIER | |
| JCCL marc code | BD - JhCC |
| 005 - DATE AND TIME OF LATEST TRANSACTION | |
| control field | 20180723200706.0 |
| 008 - FIXED-LENGTH DATA ELEMENTS--GENERAL INFORMATION | |
| fixed length control field | 901019s1922 enkab 000 0 eng d |
| 035 ## - SYSTEM CONTROL NUMBER | |
| system control number | (BD - JhCC)7820 |
| 040 ## - CATALOGING SOURCE | |
| Original cataloging agency | BD-JhCC |
| Modifying agency | BD-JhCC |
| 041 ## - LANGUAGE CODE | |
| Language code of Book | eng |
| 082 ## - DEWEY DECIMAL CLASSIFICATION NUMBER | |
| Author mark and Year | CAM 1922 |
| Classification number | 954 |
| 245 04 - TITLE STATEMENT | |
| Title | The Cambridge history of India. |
| Number of part/section of a work | Vol. 1, |
| Name of part/section of a work | Ancient India. |
| Statement of responsibility, etc | edited by E. J. Rapson. |
| 260 ## - PUBLICATION, DISTRIBUTION, ETC. (IMPRINT) | |
| Place of publication, distribution, etc | Cambridge : |
| Name of publisher, distributor, etc | Cambridge University Press, |
| Date of publication, distribution, etc | 1922. |
| 300 ## - PHYSICAL DESCRIPTION | |
| Pagination | xxi, 736 p., 34 p. of plates : |
| Other physical details | ill., maps, 1 fold. in pocket ; |
| Dimensions | 24 cm. |
| 500 ## - GENERAL NOTE | |
| General note | Volume 2 of this series was never published. |
| 651 #0 - SUBJECT ADDED ENTRY--GEOGRAPHIC NAME | |
| Geographic name | India |
| General subdivision | History |
| Chronological subdivision | To 324 B.C. |
| 700 1# - ADDED ENTRY--PERSONAL NAME | |
| Personal name | Rapson, E. J. |
| Fuller form of name | (Edward James), |
| Dates associated with a name | 1861-1937. |
| 942 ## - ADDED ENTRY ELEMENTS (KOHA) | |
| Source of classification or shelving scheme | Dewey Decimal Classification |
| Koha item type | Books |
| Source of classification or shelving scheme | volume number | Damaged status | Not for loan | Home library | Current library | Shelving location | Total Checkouts | Full call number | Barcode | Date last seen | Copy number | Koha item type |
|---|---|---|---|---|---|---|---|---|---|---|---|---|
| Dewey Decimal Classification | V-4 | JCC Rouf Library | JCC Rouf Library | General Stacks | 954 CAM 1922 | 9263 | 02/14/2018 | C - 1 | Books |